New construction orders May 2002 (Record no. 70737)
[ view plain ]
| 000 -LEADER | |
|---|---|
| fixed length control field | 00975cam a2200205 4500 |
| 001 - CONTROL NUMBER | |
| control field | WB3826-01 |
| 008 - FIXED-LENGTH DATA ELEMENTS--GENERAL INFORMATION | |
| fixed length control field | 020716n2002 000 0 eng u |
| 035 ## - SYSTEM CONTROL NUMBER | |
| System control number | (Sirsi) u118853 |
| 245 ## - TITLE STATEMENT | |
| Title | New construction orders May 2002 |
| 260 ## - PUBLICATION, DISTRIBUTION, ETC. | |
| Date of publication, distribution, etc. | 2002 |
| 490 ## - SERIES STATEMENT | |
| Series statement | DTI Press Release |
| Volume/sequential designation | (C-0702) 11 July 2002, (3) |
| 520 ## - SUMMARY, ETC. | |
| Summary, etc. | Orders in the 12 months to May 2002 rose by 1% compared to orders in the previous 12 months and orders in the three months to May 2002 rose by 13% compared to the same period a year earlier. Orders in the three months to May 2002 rose by 9% over the previous period. This was due to large increases in the infrastructure,public non-housing and private industrial sectors. Statistical tables. http://www.dti.gov.uk/construction/stats/110702/pressrel110702.htm |
| 590 ## - LOCAL NOTE (RLIN) | |
| Local note | WB |
| 650 ## - SUBJECT ADDED ENTRY--TOPICAL TERM | |
| Topical term or geographic name entry element | CONSTRUCTION ORDERS |
| 650 ## - SUBJECT ADDED ENTRY--TOPICAL TERM | |
| Topical term or geographic name entry element | CONSTRUCTION DEMAND |
| 650 ## - SUBJECT ADDED ENTRY--TOPICAL TERM | |
| Topical term or geographic name entry element | CONSTRUCTION MARKET |
| 650 ## - SUBJECT ADDED ENTRY--TOPICAL TERM | |
| Topical term or geographic name entry element | STATISTICS |
| 690 ## - LOCAL SUBJECT ADDED ENTRY--TOPICAL TERM (OCLC, RLIN) | |
| Topical term or geographic name as entry element | BUILT ENVIRONMENT |
| 942 ## - ADDED ENTRY ELEMENTS (KOHA) | |
| Suppress in OPAC | 0 |
| Withdrawn status | Lost status | Source of classification or shelving scheme | Damaged status | Not for loan | Home library | Current library | Shelving location | Date acquired | Total Checkouts | Full call number | Barcode | Date last seen | Copy number | Price effective from | Koha item type |
|---|---|---|---|---|---|---|---|---|---|---|---|---|---|---|---|
| Dewey Decimal Classification | London | London | News article | 16/07/2002 | WB3826-01 | 118853-1001 | 06/08/2019 | 1 | 06/08/2019 | News article |